00554nam a2200193 450000100060000000300080000600500170001400800410003103500190007204000320009104100080012308200200013110000220015124500650017326000350023830000210027350400500029465000160034428585BD-RjUL20211209051313.0140331t1958 ne b 001 0 eng d a(BD-RjUL)28666 aDLCcCLEdEQOdBD-RjULbeng aeng00a297.8bZIS 19581 aZiadeh, Nicola A.10aSanūsīyah :ba study of a revivalist movement in Islam / aLeiden :bE. J. Brill,cc1958. a148 p. ;c24 cm. aincludes Bibliographical reference and index. 0aSenussites.